Specjalny quiz na 100k - Tekst "Oczy Zielone" - Statystyki

Ogólne statystyki
  • Ten quiz został rozwiązany 749 razy
  • Średni wynik to 20 z 24
Statystyki odpowiedzi
wpisz tekst poniżej tej linijki, w następnym rzędzie % Poprawnych
Jak do tego doszło, {nie wiem}?
99%
Odkąd zobaczyłem {ciebie}
99%
Nie mogę {jeść}, nie mogę spać
97%
Przez twe oczy, te oczy {zielone} oszalałem
97%
Przez twe oczy, te oczy {zielone} oszalałem
97%
{Miłość} o sobie dała znać
95%
A w moich myślach jesteś {ty}
92%
Co {poradzić} mogę na to
91%
Że miłość przyszła właśnie {dziś}
88%
A ja serce {miłości} spragnione ci oddałem
86%
A ja serce {miłości} spragnione ci oddałem
86%
{Gwiazdy} chyba twym oczom oddały cały blask
85%
{Gwiazdy} chyba twym oczom oddały cały blask
85%
Tak {zakochać, zakochać} się można tylko raz
82%
Tak {zakochać, zakochać} się można tylko raz
82%
O twą miłość będę {walczył}
77%
Że w {sercu mym} jest lato
70%
U stóp Ci złożę {cały świat}
69%
O miłość walczyć to nie {wstyd}
67%
{Serce me} dla ciebie bije
67%
W mych {ramionach} cię ukryję
67%
I czeka na twój mały {znak.}
64%
Jeden {uśmiech} twój wystarczy
64%
I moje serce {gubi rytm}
50%
Nie znaleziono quizów pasujących do podanych kryteriów
Rozkład punktacji
Procent ludzi z każdym wynikiem
Percentyl według liczby udzielonych odpowiedzi
Twoja historia wyników
Nie rozwiązałeś tego quizu